|
|
|
|
| LEADER |
00000naa2a2200000 4500 |
| 001 |
365504 |
| 005 |
20231101044249.0 |
| 035 |
|
|
|a (RuTPU)RU\TPU\retro\22867
|
| 035 |
|
|
|a RU\TPU\tpu\8279
|
| 090 |
|
|
|a 365504
|
| 100 |
|
|
|a 20220112d1988 k y0rusy50 ca
|
| 101 |
0 |
|
|a rus
|
| 102 |
|
|
|a RU
|
| 200 |
1 |
|
|a Автоматизированный комплекс исследователя для обработки медико-биологической информации
|f Л. И. Миненко, Н. Т. Нечитайло, А. А. Терещенко
|
| 463 |
|
1 |
|0 (RuTPU)RU\TPU\book\26422
|t Применение математических методов и ЭВМ в медико-биологических исследованиях
|o Межвузовский научно-технический сборник
|f Томский политехнический институт
|v С. 101-104
|d 1988
|p 144 с.
|
| 610 |
1 |
|
|a труды учёных ТПУ
|
| 700 |
|
1 |
|a Миненко
|b Л. И.
|c старший научный сотрудник каф. прикладной математики (ПМ) АВТФ, ТПУ
|c кандидат технических наук
|f 1932-
|g Леонтий Иванович
|2 stltpush
|3 (RuTPU)RU\TPU\pers\25937
|
| 701 |
|
1 |
|a Нечитайло
|b Н. Т.
|
| 701 |
|
1 |
|a Терещенко
|b А. А.
|
| 801 |
|
1 |
|a RU
|b 63413507
|c 20020325
|g PSBO
|
| 801 |
|
2 |
|a RU
|b 63413507
|c 20221011
|g PSBO
|
| 942 |
|
|
|c BK
|